000 00854cam a2200277 a 4500
008
020 _a0199630593 (pbk.)
049 _aMAIN
090 _aQP609.P78
_bPRO
245 0 0 _aProteolytic enzymes :
_ba practical approach /
_cedited by R.J. Beynon, J.S. Bond.
260 _aOxford :
_bIRL Press at Oxford University Press,
_c1989.
300 _axviii, 259 p. :
_bill. ;
_c24 cm.
440 4 _a Practical approach series
504 _aIncludes bibliographical references.
650 0 _aProteolytic enzymes.
650 2 _aPeptide Hydrolases.
653 _aProteinases
650 7 _aEnzimas
_2larpcal
700 1 _aBeynon, R.J.
700 1 _aBond, Judith S.
907 _a.b10006060
_b17-09-12
_c17-04-03
003
005 20230123133705.0
040 _cNUST
942 _cBOOKS
_kQP609.P78
_mPRO
999 _c152954
_d152954